000 00673nam a22002417a 4500
003 CHAP
005 20220329134701.0
008 971013s r 00010 d
010 _a24156
011 _a25128
035 _a29228
040 _cCHAP
090 _aR-2550
100 0 0 _aBrimer, John Burton.
_915363
245 _aSuper simple plnaters to make
_b: for giving or keeping
500 _aSobretiro de : Family Circle 3/11/80 : 64-66
590 _aBATCH-UPD
_b10
_c20130110
_lUCH01
_h1443
590 _aCONVERSION
_b10
_c20130109
_lUCH01
_h1314
650 1 4 _aMacetas.
_969376
901 _aBK
942 _cREIMP
949 _aR-2550
_bBC
_cR
_d-67430
_eTS1
_i29228
_si
999 _c24156
_d24156